| 000 | 00972nam a2200241Ia 4500 | ||
|---|---|---|---|
| 999 |
_c40505 _d40505 |
||
| 001 | 7116 | ||
| 003 | GE_BSU | ||
| 005 | 20230915114414.0 | ||
| 008 | 181216s2012||||ge |||||||||||||| ||geo|| | ||
| 020 | _a97899416577 | ||
| 040 | _cGE_BSU | ||
| 041 | _ageo | ||
| 080 | _a821.353.1-31+821.353.1-32 ჭ-46 | ||
| 100 |
_aჭილაძე, თამაზ _918933 |
||
| 245 |
_aპროზა : მოთხრობები : _bტ.4 / _cთამაზ ჭილაძე ; სარედ. ჯგუფი : ზურაბ აბაშიძე ; მანანა ჯანელიძე ; ირმა ხარშილაძე. |
||
| 260 | _a. | ||
| 264 |
_aთბილისი : _bპალიტრა L, _c2012. |
||
| 300 |
_a472 გვ. ; _bფოტო გარეკანზე, _c20 სმ. |
||
| 490 |
_aჩემი რჩეული _vტ 58 _xISSN :2233-3037 |
||
| 541 | _h8ლ. | ||
| 653 | _aმოთხრობები | ||
| 942 |
_cBK _2udc |
||